Housing, financial services and the Scottish economy (Record no. 105755)

MARC details
000 -LEADER
fixed length control field 00946cam a2200241 4500
001 - CONTROL NUMBER
control field E134644
008 - FIXED-LENGTH DATA ELEMENTS--GENERAL INFORMATION
fixed length control field 060822n2005 000 0 eng u
020 ## - INTERNATIONAL STANDARD BOOK NUMBER
International Standard Book Number 1905257058
035 ## - SYSTEM CONTROL NUMBER
System control number (Sirsi) u134644
041 ## - LANGUAGE CODE
Language code of text/sound track or separate title eng
050 ## - LIBRARY OF CONGRESS CALL NUMBER
Classification number 306.1 $2 18
100 ## - MAIN ENTRY--PERSONAL NAME
Personal name Munro, Moira
110 ## - MAIN ENTRY--CORPORATE NAME
Corporate name or jurisdiction name as entry element Council of Mortgage Lenders
9 (RLIN) 5903
245 ## - TITLE STATEMENT
Title Housing, financial services and the Scottish economy
260 ## - PUBLICATION, DISTRIBUTION, ETC.
Place of publication, distribution, etc. London
Name of publisher, distributor, etc. CML
Date of publication, distribution, etc. 2005
300 ## - PHYSICAL DESCRIPTION
Extent 44p.
Other physical details 30cm.
520 ## - SUMMARY, ETC.
Summary, etc. This research looks at the increasingly important role played by financial services and housing-related activities in Scotland's economy.
651 ## - SUBJECT ADDED ENTRY--GEOGRAPHIC NAME
Geographic name Scotland
Chronological subdivision 1999-
690 ## - LOCAL SUBJECT ADDED ENTRY--TOPICAL TERM (OCLC, RLIN)
Topical term or geographic name as entry element PROPERTY-RESIDENTIAL PROPERTY-DOMESTIC RESIDENTIAL PROPERTY-HOUSING
700 ## - ADDED ENTRY--PERSONAL NAME
Personal name Karley, Noah Kofi
856 ## - ELECTRONIC LOCATION AND ACCESS
Uniform Resource Identifier <a href="https://www.cml.org.uk/cml/publications/research/ View the research free of charge at www.cml.org.uk/cml/publications/research?keyword=&key_area=0&date=0&page=2">https://www.cml.org.uk/cml/publications/research/ View the research free of charge at www.cml.org.uk/cml/publications/research?keyword=&key_area=0&date=0&page=2</a>
942 ## - ADDED ENTRY ELEMENTS (KOHA)
Suppress in OPAC 0
Holdings
Withdrawn status Lost status Source of classification or shelving scheme Damaged status Not for loan Home library Current library Shelving location Date acquired Total Checkouts Full call number Barcode Date last seen Copy number Price effective from Koha item type
    Dewey Decimal Classification     Virtual Virtual Online 22/08/2006   ONLINE PUBLICATION 134644-3001 06/08/2019 1 06/08/2019 Book